|
|
|
|
| LEADER |
00000cam a2200000 7i4500 |
| 001 |
0000004180 |
| 005 |
20190108.0 |
| 020 |
0 |
0 |
|a 9781119978664
|
| 090 |
0 |
0 |
|a 623.7469
|b UAV 2012
|
| 245 |
0 |
0 |
|a Introduction to UAV systems
|c Paul Gerin Fahlstrom and Thomas James Gleason
|
| 250 |
0 |
0 |
|a Fourth edition
|
| 260 |
0 |
0 |
|a Chichester, West Sussex :
|b John Wiley & Sons ,
|c 2012
|
| 300 |
|
|
|a xv 277 p. :
|b ill. ;
|c 25 cm.
|
| 500 |
0 |
0 |
|a Includes bibliographical references
|
| 650 |
0 |
0 |
|a Cruise missiles
|
| 650 |
0 |
0 |
|a Drone aircraft
|
| 700 |
0 |
1 |
|a Gleason, Thomas. J
|
| 998 |
|
|
|a JPSM
|
| 999 |
|
|
|a 008069
|b Monograph
|c Open Shelf
|e Default branch
|
| 999 |
|
|
|a 008078
|b Monograph
|c Open Shelf
|e Default branch
|